000 00538nam a22001817a 4500
003 URS
005 20220114171532.0
008 170323b xxu||||| |||| 00| 0 eng d
020 _a9812445013
050 _aHF1017
_bB489 2002
100 _aBerenson, Mark L.
_4author
245 _aBasic business statistics:
_bconcepts and applications
_cMark L. Berenson...[et.al.]
250 _aEighth Edition
260 _aNew Jersey
_bPrentice-Hall
_c2002
300 _axx, 851 pages;
_c23 cm.
700 _4author
_aLevine, David M.
942 _cFR
_2lcc
999 _c14069
_d14069